00321pab a2200121 454500008004000000100002400040245006800064260000900132300001400141362000800155650002000163773001600183180718b2008 xxu||||| |||| 00| 0 eng d aBologna, Gianfranco aGlobal environmental change and the challenge of sustainability c2008 ap.338-43. aSep aClimatic change aDevelopment